|
|
|
|
| LEADER |
00000cam a2200000 7i4500 |
| 001 |
0000002878 |
| 005 |
20040210.0 |
| 020 |
0 |
0 |
|a 9832473586
|
| 090 |
0 |
0 |
|a R658.014
|b KHA 2002
|
| 100 |
0 |
0 |
|a KHAIRIAH Salwa Mokhtar
|
| 245 |
1 |
0 |
|a Istilah pentadbiran awam dan politik
|c Khairiah Salwa Mokhtar, Mahmod Sabri Haron
|
| 260 |
0 |
0 |
|a Petaling Jaya, Selangor :
|b Prentice Hall ,
|c 2002
|
| 300 |
|
|
|a 44 p. ;
|c 22 cm.
|
| 650 |
0 |
0 |
|a English language
|x Dictionaries
|x Malay
|
| 650 |
0 |
0 |
|a Political science
|x Dictionaries
|x Malay
|
| 650 |
0 |
0 |
|a Public administration
|x Dictionaries
|x Malay
|
| 700 |
0 |
1 |
|a Mahmod Sabri Haron
|
| 998 |
|
|
|a JPSM
|
| 999 |
|
|
|a 0000005161
|b Monograph
|c Reference
|e Default branch
|